| 000 | 00558nam a22001817a 4500 | ||
|---|---|---|---|
| 005 | 20250604112232.0 | ||
| 010 | _aENG-145164 | ||
| 020 |
_a9788190611985 _c185.00 |
||
| 035 | _aEN-128696 | ||
| 037 | _bDBAD | ||
| 082 | _a649.7 | ||
| 100 |
_aRaju, C.S. _981624 |
||
| 245 |
_aParenting Teenage Children/ _cby C.S. Raju |
||
| 260 |
_aChennai _bSri Sai Publishers _c2012 |
||
| 270 |
_aPlot 116, Rajagopalan Street, Devi Karumari Amman Nagar, Valasaravakkam, _bChennai _e600087 |
||
| 300 |
_a200p. _c22cm(pbk) |
||
| 942 |
_2ddc _cEN _h649.7 _mCSR |
||
| 999 |
_c211555 _d211555 |
||